Seeley's essentials of anatomy & physiology / (Record no. 601122)

000 -LEADER
fixed length control field 00307nam a2200109Ia 4500
008 - FIXED-LENGTH DATA ELEMENTS--GENERAL INFORMATION
fixed length control field 230907s9999||||xx |||||||||||||| ||und||
082 ## - DEWEY DECIMAL CLASSIFICATION NUMBER
Classification number 612
Author Mark VAN
100 ## - MAIN ENTRY--PERSONAL NAME
Personal name VanPutte, Cinnamon L.
9 (RLIN) 116123
245 #0 - TITLE STATEMENT
Title Seeley's essentials of anatomy & physiology /
300 ## - PHYSICAL DESCRIPTION
Extent 1 volume (various pagings) :
942 ## - ADDED ENTRY ELEMENTS (KOHA)
Koha item type Book
Holdings
Withdrawn status Lost status Damaged status Not for loan Permanent Location Current Location Date acquired Total Checkouts Full call number Barcode Date last seen Price effective from Koha item type
        US-Pakistan Center for Advanced Studies in Energy (USPCAS-E) US-Pakistan Center for Advanced Studies in Energy (USPCAS-E) 11/20/2019   612 VAN CAS-E0005221 09/12/2023 09/12/2023 Book
© 2023 Central Library, National University of Sciences and Technology. All Rights Reserved.